[Event "Hannover Region-ch"]
[Site "Hannover"]
[Date "2016.02.06"]
[Round "3"]
[White "Pubantz, Jan"]
[Black "Wehrhahn, Duncan"]
[Result "1-0"]
[WhiteElo "1501"]
[BlackElo "1470"]
[PlyCount "47"]
[EventDate "2016.01.16"]
[EventType "swiss"]
[EventRounds "7"]
[EventCountry "GER"]
[SourceTitle "EXT 2020"]
[Source "ChessBase"]
[SourceDate "2019.10.17"]
[SourceVersion "1"]
[SourceVersionDate "2019.10.17"]
[SourceQuality "1"]

1. d4 d5 2. c4 e6 3. g3 Nf6 4. Bg2 b6 5. Nf3 Bb7 6. Ne5 Nbd7 7. Qa4 Bd6 8. Nc6 Bxc6 9. Qxc6 Bb4+ 10. Nc3 0-0 11. a3 Bxc3+ 12. bxc3 dxc4 13. Qxa8 Qxa8 14. Bxa8 Rxa8 15. Bf4 c5 16. e3 Ne4 17. Rc1 g5 18. f3 gxf4 19. fxe4 fxe3 20. Ke2 Nf6 21. Kxe3 Rd8 22. Rcd1 cxd4+ 23. Rxd4 Ng4+ 24. Ke2 1-0

[Event "Hannover Region-ch"]
[Site "Hannover"]
[Date "2016.01.16"]
[Round "1"]
[White "Wehrhahn, Duncan"]
[Black "Majewski, Thomas"]
[Result "0-1"]
[WhiteElo "1470"]
[BlackElo "1770"]
[PlyCount "52"]
[EventDate "2016.01.16"]
[EventType "swiss"]
[EventRounds "7"]
[EventCountry "GER"]
[SourceTitle "EXT 2020"]
[Source "ChessBase"]
[SourceDate "2019.10.17"]
[SourceVersion "1"]
[SourceVersionDate "2019.10.17"]
[SourceQuality "1"]

1. e4 c5 2. Nf3 e6 3. d4 cxd4 4. Nxd4 Nc6 5. Be3 Qc7 6. Nb5 Qb8 7. N1c3 a6 8. Nd4 Nf6 9. Bd3 Be7 10. f4 Nxd4 11. Bxd4 Qxf4 12. Qe2 e5 13. g3 Qg5 14. Be3 Qg4 15. 0-0-0 Qxe2 16. Bxe2 b5 17. Nd5 Nxd5 18. Rxd5 d6 19. Rd3 Bb7 20. Rhd1 Bxe4 21. Rc3 0-0 22. Rc7 Rac8 23. Rxc8 Rxc8 24. Bd3 Bf3 25. Rd2 d5 26. c3 d4 0-1

[Event "Hannover-ch U16/18"]
[Site "Lehrte"]
[Date "2015.10.31"]
[Round "6"]
[White "Wehrhahn, Duncan"]
[Black "Brockmeyer, Tobias"]
[Result "0-1"]
[WhiteElo "1388"]
[BlackElo "1551"]
[PlyCount "110"]
[EventDate "2015.10.29"]
[EventType "swiss"]
[EventRounds "7"]
[EventCountry "GER"]
[SourceTitle "EXT 2021"]
[Source "ChessBase"]
[SourceDate "2020.10.23"]
[SourceVersion "1"]
[SourceVersionDate "2020.10.23"]
[SourceQuality "1"]

1. e4 c5 2. Nf3 Nc6 3. d4 cxd4 4. Nxd4 g6 5. Nc3 Bg7 6. Be3 Nf6 7. Nxc6 bxc6 8. e5 Ng8 9. Bd4 Qa5 10. f4 Ba6 11. Bxa6 Qxa6 12. e6 Bxd4 13. Qxd4 Nf6 14. exd7+ Kd8 15. Ne4 Qa5+ 16. b4 Qd5 17. Qxd5 Nxd5 18. Ng5 Kxd7 19. Nxf7 Rhf8 20. Ne5+ Kc7 21. Nd3 Nxf4 22. Nxf4 Rxf4 23. c3 Re4+ 24. Kf2 Rf8+ 25. Kg3 Re3+ 26. Kg4 Rxc3 27. Rhc1 Rxc1 28. Rxc1 Rf2 29. Re1 Kd7 30. Rd1+ Ke8 31. Kg3 Rxa2 32. Rc1 Ra6 33. Kg4 Rb6 34. Rc4 h6 35. Kf4 Rb5 36. Rxc6 Rxb4+ 37. Kf3 Kf7 38. Ra6 Rb7 39. h4 e6 40. g4 Kf6 41. Ra5 Re7 42. Ke4 Rb7 43. Kf3 Ke7 44. Ke4 Kd7 45. Ra6 Ke7 46. Ke5 Kf7 47. g5 h5 48. Ra4 Rb5+ 49. Ke4 a5 50. Kf3 Ke7 51. Ke3 Kd6 52. Rf4 Re5+ 53. Kd4 Rf5 54. Re4 e5+ 55. Kc3 Rf4 0-1

[Event "Hannover-ch U16/18"]
[Site "Lehrte"]
[Date "2015.10.29"]
[Round "1"]
[White "Winkler, Gordin"]
[Black "Wehrhahn, Duncan"]
[Result "1-0"]
[WhiteElo "874"]
[BlackElo "1388"]
[PlyCount "31"]
[EventDate "2015.10.29"]
[EventType "swiss"]
[EventRounds "7"]
[EventCountry "GER"]
[SourceTitle "EXT 2021"]
[Source "ChessBase"]
[SourceDate "2020.10.23"]
[SourceVersion "1"]
[SourceVersionDate "2020.10.23"]
[SourceQuality "1"]

1. c4 e5 2. e4 Nf6 3. Nc3 Bb4 4. Nge2 Nc6 5. a3 Be7 6. g3 d6 7. h3 Be6 8. d3 h6 9. Bg2 Qd7 10. f4 g6 11. Nd5 Bd8 12. Nec3 Ne7 13. Nxf6+ Kf8 14. Nxd7+ Bxd7 15. 0-0 Nc6 16. Be3 1-0

[Event "Niedersachsen-ch op-B"]
[Site "Verden"]
[Date "2015.01.02"]
[Round "2"]
[White "Kahlsdorf, Hendrik"]
[Black "Wehrhahn, Duncan"]
[Result "0-1"]
[WhiteElo "1051"]
[BlackElo "1307"]
[PlyCount "158"]
[EventDate "2015.01.02"]
[EventType "swiss"]
[EventRounds "7"]
[EventCountry "GER"]
[SourceTitle "EXT 2018"]
[Source "ChessBase"]
[SourceDate "2017.10.13"]
[SourceVersion "1"]
[SourceVersionDate "2017.10.13"]
[SourceQuality "1"]

1. e4 e5 2. Nf3 Nc6 3. d4 exd4 4. Nxd4 Bc5 5. Be3 Qf6 6. c3 Nge7 7. Bc4 d6 8. Nd2 0-0 9. 0-0 Qg6 10. Qf3 Ne5 11. Qg3 Nxc4 12. Nxc4 Qxe4 13. Rfe1 Qg6 14. Qxg6 Nxg6 15. Nd2 Bd7 16. N2f3 Rfe8 17. b4 Bb6 18. a4 a6 19. a5 Ba7 20. Nc2 Bxe3 21. Nxe3 Bc6 22. Nd4 Rab8 23. Nxc6 bxc6 24. Rab1 Nf4 25. Nc4 Kf8 26. Rxe8+ Kxe8 27. Re1+ Kd7 28. Rd1 Ne2+ 29. Kf1 Nxc3 30. Rd3 Nd5 31. Ke1 Rxb4 32. Rd4 Ke6 33. Re4+ Kf5 34. Rh4 Nf4 35. Ne3+ Kg6 36. Kd2 Nd5 37. Rxb4 Nxb4 38. h4 Nd5 39. Ng4 Kh5 40. Nh2 Kxh4 41. g3+ Kh3 42. Nf3 Kg2 43. Ke2 Nc3+ 44. Ke3 Nd1+ 45. Ke2 Nxf2 46. Nd4 c5 47. Nc6 Ne4 48. Ke3 Nf6 49. Kd3 Nd5 50. Kc4 Nb6+ 51. Kc3 Kxg3 52. Ne7 h5 53. Nf5+ Kg4 54. Nxg7 h4 55. Ne8 Na8 56. Nf6+ Kg3 57. Ne4+ Kg2 58. Ng5 h3 59. Nxh3 Kxh3 60. Kc4 f5 61. Kd3 f4 62. Ke2 Kg3 63. Kf1 f3 64. Kg1 c4 65. Kf1 f2 66. Ke2 Kg2 67. Ke3 f1Q 68. Ke4 Qd3+ 69. Kf4 Qf3+ 70. Kg5 Qe4 71. Kf6 Kg3 72. Kg5 Qf3 73. Kg6 Qf4 74. Kh5 Qg4+ 75. Kh6 Kf4 76. Kh7 Qg5 77. Kh8 Kf5 78. Kh7 Kf6 79. Kh8 Qg7# 0-1

[Event "Niedersachsen-ch op-B"]
[Site "Verden"]
[Date "2015.01.02"]
[Round "1"]
[White "Wehrhahn, Duncan"]
[Black "Bergmann, Reinhold"]
[Result "0-1"]
[WhiteElo "1307"]
[BlackElo "1871"]
[PlyCount "88"]
[EventDate "2015.01.02"]
[EventType "swiss"]
[EventRounds "7"]
[EventCountry "GER"]
[SourceTitle "EXT 2018"]
[Source "ChessBase"]
[SourceDate "2017.10.13"]
[SourceVersion "1"]
[SourceVersionDate "2017.10.13"]
[SourceQuality "1"]

1. e4 c5 2. Nf3 Nc6 3. Nc3 d6 4. Bc4 e6 5. d3 g6 6. 0-0 Bg7 7. Bd2 Nge7 8. Re1 0-0 9. Qc1 Na5 10. Bb3 Nxb3 11. axb3 Nc6 12. Ne2 f5 13. Ng3 Ne5 14. Nxe5 Bxe5 15. Bh6 Rf7 16. Rf1 f4 17. Ne2 Qh4 18. Bxf4 Bxf4 19. Nxf4 Qxf4 20. Qxf4 Rxf4 21. g3 Rf7 22. f4 b5 23. Rac1 a5 24. c4 b4 25. Ra1 Rfa7 26. Rfe1 Kf7 27. e5 Ra6 28. Red1 d5 29. d4 dxc4 30. bxc4 cxd4 31. Rxd4 Ke7 32. Kf2 Bb7 33. Rad1 Bc6 34. Rd6 Ba4 35. Rxa6 Rxa6 36. Ra1 Bb3 37. c5 a4 38. Ke3 a3 39. bxa3 bxa3 40. Kd3 a2 41. Kc3 Bd5 42. Kb4 Kd7 43. Kb5 Ra3 44. Kb4 Rb3+ 0-1

[Event "Hannover-ch U14"]
[Site "Lehrte"]
[Date "2014.10.25"]
[Round "1"]
[White "Albrecht, Dennis"]
[Black "Wehrhahn, Duncan"]
[Result "0-1"]
[WhiteElo "870"]
[BlackElo "1151"]
[PlyCount "76"]
[EventDate "2014.10.25"]
[EventType "swiss"]
[EventRounds "7"]
[EventCountry "GER"]
[SourceTitle "EXT 2021"]
[Source "ChessBase"]
[SourceDate "2020.10.23"]
[SourceVersion "1"]
[SourceVersionDate "2020.10.23"]
[SourceQuality "1"]

1. e4 e5 2. Nf3 Nc6 3. Bc4 Bc5 4. Nc3 Nf6 5. d3 h6 6. 0-0 d6 7. Bd5 Bg4 8. h3 Bh5 9. Bd2 Nxd5 10. Nxd5 Nd4 11. Be3 Nxf3+ 12. gxf3 Bxe3 13. fxe3 c6 14. Nc3 Qg5+ 15. Kh2 Qxe3 16. Qe1 Qxe1 17. Rfxe1 Bxf3 18. Rf1 Bh5 19. Rg1 Rg8 20. Raf1 0-0-0 21. Rf5 Bg6 22. Rf2 Rdf8 23. a4 Bh7 24. b4 f5 25. Rgf1 f4 26. b5 g5 27. Rg2 Rg7 28. bxc6 bxc6 29. Rb1 f3 30. Rf1 Rgf7 31. Rgf2 h5 32. a5 g4 33. hxg4 hxg4 34. Rg1 Rh8 35. Rxg4 Bf5+ 36. Kg1 Bxg4 37. a6 Rfh7 38. Kf1 Rh1# 0-1

[Event "Hannover Region-ch"]
[Site "Hannover"]
[Date "2014.02.15"]
[Round "2"]
[White "Wehrhahn, Duncan"]
[Black "Kiesel, Lucas"]
[Result "0-1"]
[WhiteElo "971"]
[BlackElo "1441"]
[PlyCount "74"]
[EventDate "2014.02.01"]
[EventType "swiss"]
[EventRounds "7"]
[EventCountry "GER"]
[SourceTitle "EXT 2021"]
[Source "ChessBase"]
[SourceDate "2020.10.23"]
[SourceVersion "1"]
[SourceVersionDate "2020.10.23"]
[SourceQuality "1"]

1. d4 g6 2. c4 Bg7 3. Nf3 Nf6 4. Nc3 0-0 5. Bg5 h6 6. Bxf6 Bxf6 7. Qd2 Bg7 8. e3 c6 9. Bd3 d5 10. h3 a5 11. 0-0 e6 12. a4 Na6 13. cxd5 exd5 14. Bxa6 Rxa6 15. Rfe1 Be6 16. Rab1 Re8 17. Qd3 Bf5 18. e4 dxe4 19. Nxe4 Qd5 20. Nf6+ Bxf6 21. Rxe8+ Kg7 22. Qd1 Bxb1 23. Qxb1 Bxd4 24. Re7 Rb6 25. Nh4 Qg5 26. Re4 Qd2 27. Rg4 Bxf2+ 28. Kh2 Bxh4 29. Rxh4 Rxb2 30. Qg1 Qd6+ 31. Kh1 Rd2 32. Qa1+ Kh7 33. Rxh6+ Kxh6 34. Qh8+ Kg5 35. h4+ Kf5 36. g4+ Kxg4 37. Qc8+ Qd7 0-1

[Event "Hannover-ch U12"]
[Site "Lehrte"]
[Date "2012.10.22"]
[Round "8"]
[White "Kibenko, Dimitrij"]
[Black "Wehrhahn, Duncan"]
[Result "1-0"]
[WhiteElo "749"]
[BlackElo "996"]
[PlyCount "91"]
[EventDate "2012.10.20"]
[EventType "swiss"]
[EventRounds "11"]
[EventCountry "GER"]
[SourceTitle "EXT 2021"]
[Source "ChessBase"]
[SourceDate "2020.10.23"]
[SourceVersion "1"]
[SourceVersionDate "2020.10.23"]
[SourceQuality "1"]

1. e4 e5 2. Nf3 Nc6 3. Bc4 Bc5 4. d3 Nf6 5. Nbd2 0-0 6. Nf1 d6 7. c3 Bg4 8. h3 Bh5 9. Ng3 Bxf3 10. Qxf3 Qe7 11. Nf5 Qd8 12. Qg3 Nh5 13. Qg4 g6 14. 0-0 Kh8 15. Nh4 Nf6 16. Qe2 Nh5 17. g3 Qd7 18. Kh2 Qe7 19. Ng2 f5 20. exf5 Rxf5 21. g4 Nf4 22. Nxf4 exf4 23. Qxe7 Nxe7 24. gxf5 gxf5 25. Bxf4 d5 26. Bb3 c6 27. d4 Bb6 28. Rg1 Ng6 29. Be5+ Nxe5 30. dxe5 Re8 31. Rg2 Rxe5 32. Rag1 h5 33. c4 Re2 34. Rg5 Rxf2+ 35. Kh1 Rh2+ 36. Kxh2 Bxg1+ 37. Kxg1 d4 38. Kf2 f4 39. Kf3 h4 40. Kxf4 Kh7 41. Kf5 Kh6 42. Kf6 d3 43. Bd1 Kh7 44. Rg6 d2 45. Kf7 c5 46. Rg5 1-0

[Event "Langenhagen-ch op"]
[Site "Langenhagen"]
[Date "2012.09.30"]
[Round "7"]
[White "Wittur, Helge"]
[Black "Wehrhahn, Duncan"]
[Result "1-0"]
[WhiteElo "1890"]
[BlackElo "917"]
[PlyCount "95"]
[EventDate "2012.06.23"]
[EventType "swiss"]
[EventRounds "7"]
[EventCountry "GER"]
[SourceTitle "EXT 2021"]
[Source "ChessBase"]
[SourceDate "2020.10.23"]
[SourceVersion "1"]
[SourceVersionDate "2020.10.23"]
[SourceQuality "1"]

1. c4 e5 2. g3 Nf6 3. Bg2 Bc5 4. e3 d6 5. a3 Bd7 6. b4 Bb6 7. Nc3 Bc6 8. f3 Nbd7 9. b5 Bxb5 10. Nxb5 a6 11. Nc3 0-0 12. Nge2 Nc5 13. d4 exd4 14. exd4 Ne6 15. 0-0 d5 16. c5 Ba5 17. Qd3 c6 18. Nf4 Nxf4 19. Bxf4 Re8 20. Bd6 b6 21. Bh3 Ra7 22. Rae1 Rxe1 23. Rxe1 bxc5 24. Bxc5 Rb7 25. Bb4 Bxb4 26. axb4 Rxb4 27. Qxa6 Rxd4 28. Bf1 h6 29. Qxc6 Rc4 30. Bxc4 dxc4 31. Qxc4 Qd2 32. Re2 Qc1+ 33. Kg2 Qg5 34. Ne4 Nxe4 35. Qxe4 Qb5 36. Qe8+ Qxe8 37. Rxe8+ Kh7 38. g4 f6 39. f4 Kg6 40. Rf8 Kh7 41. h4 Kg6 42. Kf3 Kh7 43. h5 g6 44. Rf7+ Kg8 45. hxg6 h5 46. gxh5 f5 47. h6 Kh8 48. Rf8# 1-0

[Event "Langenhagen-ch op"]
[Site "Langenhagen"]
[Date "2012.07.21"]
[Round "3"]
[White "Azizi, Siar"]
[Black "Wehrhahn, Duncan"]
[Result "0-1"]
[WhiteElo "823"]
[BlackElo "917"]
[PlyCount "46"]
[EventDate "2012.06.23"]
[EventType "swiss"]
[EventRounds "7"]
[EventCountry "GER"]
[SourceTitle "EXT 2021"]
[Source "ChessBase"]
[SourceDate "2020.10.23"]
[SourceVersion "1"]
[SourceVersionDate "2020.10.23"]
[SourceQuality "1"]

1. e4 e5 2. Nf3 Nc6 3. Bc4 Bc5 4. 0-0 Nf6 5. Nc3 0-0 6. d3 d6 7. Qe2 Bg4 8. Bg5 h6 9. Be3 Bxe3 10. Qxe3 Nb4 11. Nh4 Nxc2 12. Qd2 Nxa1 13. f3 Bd7 14. Nb5 Bxb5 15. Bxb5 a6 16. Bc4 b5 17. Bd5 Nxd5 18. exd5 Qxh4 19. Rxa1 Qd4+ 20. Kh1 Qxd5 21. Qa5 Rfc8 22. Rc1 Qxd3 23. Rxc7 Qf1# 0-1

[Event "Hannover-ch U12"]
[Site "Lehrte"]
[Date "2011.10.16"]
[Round "4"]
[White "Wehrhahn, Duncan"]
[Black "Weissbrot, Boris"]
[Result "0-1"]
[WhiteElo "731"]
[BlackElo "864"]
[PlyCount "54"]
[EventDate "2011.10.15"]
[EventType "swiss"]
[EventRounds "11"]
[EventCountry "GER"]
[SourceTitle "EXT 2021"]
[Source "ChessBase"]
[SourceDate "2020.10.23"]
[SourceVersion "1"]
[SourceVersionDate "2020.10.23"]
[SourceQuality "1"]

1. d4 d5 2. c4 c6 3. Nf3 Nf6 4. Nc3 e6 5. Bd2 c5 6. cxd5 exd5 7. dxc5 Bxc5 8. e3 0-0 9. Be2 Nc6 10. 0-0 d4 11. exd4 Nxd4 12. Nxd4 Bxd4 13. Be3 Bxe3 14. fxe3 Qb6 15. Qd2 Rd8 16. Qc1 Re8 17. Rf3 Bg4 18. Rg3 h5 19. Bxg4 Nxg4 20. Nd5 Qd8 21. Nc7 Rc8 22. h3 Rxc7 23. Qd1 Rd7 24. Qf1 Nxe3 25. Qf2 Nd1 26. Qxa7 Qc7 27. Rg5 Re1# 0-1

[Event "Hannover-ch U10"]
[Site "Stadthagen"]
[Date "2009.10.04"]
[Round "6"]
[White "Wehrhahn, Duncan"]
[Black "Seidenstuecker, Hannah Charlotte"]
[Result "0-1"]
[WhiteElo "734"]
[BlackElo "721"]
[PlyCount "60"]
[EventDate "2009.10.03"]
[EventType "tourn"]
[EventRounds "11"]
[EventCountry "GER"]
[SourceTitle "EXT 2021"]
[Source "ChessBase"]
[SourceDate "2020.10.23"]
[SourceVersion "1"]
[SourceVersionDate "2020.10.23"]
[SourceQuality "1"]

1. e4 e5 2. Nf3 Nc6 3. Bc4 Nf6 4. Nc3 Bb4 5. d3 d6 6. Bg5 Bg4 7. a3 Bxc3+ 8. bxc3 0-0 9. 0-0 Bxf3 10. Qxf3 Na5 11. Bxf6 Qxf6 12. Qxf6 gxf6 13. Rfe1 Nxc4 14. dxc4 c6 15. Re3 b5 16. Rg3+ Kh8 17. h4 bxc4 18. h5 d5 19. exd5 cxd5 20. h6 d4 21. cxd4 exd4 22. Rf3 Rad8 23. Rxf6 d3 24. cxd3 cxd3 25. Rd1 Rd7 26. Rf3 Rfd8 27. g4 d2 28. g5 Rd6 29. Rxf7 Rg6 30. f4 Re6 0-1